| 000 | 00545nam a2200193 i 4500 | ||
|---|---|---|---|
| 001 | 128858 | ||
| 003 | ES-MaACL | ||
| 005 | 20250813234302.0 | ||
| 007 | t| | ||
| 008 | 070529s1975 sp ||||1| spa d | ||
| 080 | _a745.52 | ||
| 245 | 0 | 0 | _aTelas con historia y los tejidos y sus nombres. |
| 260 |
_a[Madrid] : _bTapicerÃas Gancedo, _c[1975] |
||
| 300 |
_a143 p. : _bil. ; _c27 cm. |
||
| 650 | 7 |
_aTejidos _2embne _917422 |
|
| 710 | 2 |
_aTapicerÃas Gancedo (Madrid) _96908 |
|
| 852 |
_aES-MaACL _jE-9679 _bR.94351 |
||
| 999 |
_c128858 _d128858 |
||